Language Quiz

Random Language or Spanish Quiz
Score 0/30 Timer 05:00
2 Plays Today
Category Spanish % Correct
Beveragesel café
87.4%
Beveragesla leche
86.5%
Monthsjulio
85.5%
Sportsel fútbol
83%
Monthsabril
82.8%
Mammalsel león
75.5%
Body Partsel pie
71.5%
Monthsfebrero
71.2%
Monthsagosto
70.3%
Clothingla camisa
70.3%
Sportsel tenis
68.7%
Beveragesel jugo
68.3%
Monthsdiciembre
67.9%
Mammalsel caballo
67.2%
Beveragesel agua
67.1%
Category Spanish % Correct
Mammalsel oso
62.4%
Body Partsla nariz
60.6%
Body Partsel estómago
60.3%
Beveragesla limonada
60.3%
Sportsel béisbol
57.2%
Body Partsla cara
55.5%
Sportsla natación
54.8%
Body Partsel brazo
53.6%
Mammalsel mono
48.3%
Sportsel baloncesto
48.1%
Clothinglas botas
47.6%
Mammalsel cerdo
46.9%
Clothingel abrigo
45.5%
Clothinglos lentes
42.9%
Clothinglos calcetines
35.6%
Remove Ads.
Support Sporcle.
Get the best of Sporcle when you Go Orange. This ad-free experience offers more features, more stats, and more fun while also helping to support Sporcle. Thank you for becoming a member.

You're not logged in!

Compare scores with friends on all Sporcle quizzes.
OR
Log In

Sporcle TV

Today on Sporcle TV


Watch our educational content, quiz creation guides, and fun videos on Sporcle TV.

Show Comments

Extras

Top Quizzes Today


Score Distribution

Paid Content

Your Account Isn't Verified!

In order to create a playlist on Sporcle, you need to verify the email address you used during registration. Go to your Sporcle Settings to finish the process.

Report this User

Report this user for behavior that violates our Community Guidelines.

Details: